Producción de carne con pastos y forrajes /
Guardado en:
| Autor Principal: | |
|---|---|
| Otros Autores: | |
| Formato: | Libro |
| Idioma: | Spanish |
| Publicado: |
Madrid :
Mundi-Prensa,
1990.
|
| Etiquetas: |
Agregar Etiqueta
Sin Etiquetas, Sea el primero en etiquetar este registro!
|
| LEADER | 00558nam a22001695a 4500 | ||
|---|---|---|---|
| 001 | EEA.libagro006549 | ||
| 005 | 20180619114347.0 | ||
| 008 | 130809s1990####sp#a##########000#0#spa#d | ||
| 020 | |a 8471142929 | ||
| 082 | 0 | 4 | |a 636.213 |
| 082 | 0 | 4 | |a 636.2085 |
| 100 | 1 | |a Zea Salgueiro, Jaime. | |
| 245 | 1 | 0 | |a Producción de carne con pastos y forrajes / |c Jaime Zea Salgueiro, Ma. Dolores Díaz Díaz. |
| 260 | |a Madrid : |b Mundi-Prensa, |c 1990. | ||
| 300 | |a 389 p. : |b il. ; |c 24 cm. | ||
| 700 | 1 | |a Díaz Díaz, María Dolores. | |
| 859 | |a AR-BbBCA |b BIB. AGRONOMIA |h 636.213 |i Z41 |p 2000/3915 | ||
